Kendrick Lamar Songs Quiz - Statistics

General Stats
  • This quiz has been taken 5,078 times
    5,076 since last reset
  • The average score is 32 of 58
Answer Stats
Answer % Correct
HUMBLE.
88%
DNA.
85%
m.A.A.d city
83%
i
82%
LOVE.
80%
Alright
79%
DUCKWORTH.
79%
Good Kid
78%
u
78%
King Kunta
74%
Money Trees
74%
Swimming Pools (Drank)
72%
Wesley's Theory
72%
LOYALTY.
71%
PRIDE.
70%
XXX.
69%
BLOOD.
66%
LUST.
66%
FEAR.
65%
Backseat Freestyle
64%
ELEMENT.
64%
GOD.
64%
A.D.H.D
63%
Poetic Justice
63%
Sing About Me, I'm Dying of Thirst
63%
For Free? (Interlude)
62%
The Blacker the Berry
62%
These Walls
62%
Compton
60%
Sherane a.k.a Master Splinter's Daughter
59%
Mortal Man
58%
YAH.
56%
FEEL.
55%
Momma
55%
How Much a Dollar Cost
54%
The Art of Peer Pressure
54%
For Sale? (Interlude)
53%
Institutionalized
53%
Real
53%
B-, Don't Kill My Vibe
52%
HiiiPoWeR
51%
Hood Politics
48%
Complexion (A Zulu Love)
43%
Rigamortus
41%
You Ain't Gotta Lie (Momma Said)
38%
Keisha's Song (Her Pain)
37%
Hol' Up
36%
Ronald Reagan Era (His Evils)
34%
Tammy's Song (Her Evils)
31%
Chapter Six
29%
F- Your Ethnicity
29%
No Makeup (Her Vice)
27%
Chapter Ten
26%
Ab-Soul's Outro
22%
Poe Mans Dreams (His Vice)
22%
Blow My High (Members Only)
19%
Kush & Corinthians (His Pain)
19%
The Spiteful Chant
12%
No matching quizzes found
Score Distribution
Percent of People with Each Score
Percentile by Number Answered
Your Score History
You have not taken this quiz since the last reset